Statistiques concernant Où les bœufs musqués vivent-ils ?

Cliquez ici pour prendre le quiz!

Statistiques générales

  • Ce quiz a été pris 4 782 fois
  • Le résultat moyen est 5 sur 6

Statistiques - réponses

Pays% Correct
Canada
94%
Etats-Unis
93%
Russie
93%
Norvège
74%
Suède
74%
Danemark (Groenland)
67%

Distribution des résultats

Percentile par nombre de réponses

% des personnes avec chaque résultat

Votre développement - résultats

Vous n’avez pas pris ce quiz